Loading...
| History - World | 2 | 5 | 1 | 1 | 75 | 44 | 79.57 | 2 | 6 | 22.15 | 40.63 |
| Philosophy | 1 | 5 | 0 | 2 | 65 | 60 | 113.83 | 2 | 3 | 9.13 | 32.95 |
| Religion | 2 | 1 | 0 | 0 | 40 | 56 | 85.67 | 1 | 3 | 11.64 | 26.25 |
| Mythology | 0 | 4 | 1 | 1 | 35 | 95 | 111.50 | 0 | 2 | 6.98 | 22.50 |
| History - European | 1 | 2 | 1 | 0 | 30 | 48 | 74.33 | 2 | 2 | 12.91 | 22.73 |
| Pop Culture | 0 | 2 | 0 | 0 | 20 | 77 | 100.00 | 1 | 1 | 11.47 | 25.00 |
| Science - Biology | 1 | 1 | 1 | 0 | 20 | 66 | 75.50 | 0 | 2 | 6.39 | 15.91 |
| Literature - European | 0 | 2 | 1 | 1 | 15 | 139 | 143.00 | 0 | 0 | 0.13 | 4.55 |
| Social Science | 0 | 1 | 0 | 0 | 10 | 99 | 99.00 | 0 | 1 | 2.27 | 7.50 |
| Geography | 0 | 1 | 0 | 0 | 10 | 106 | 106.00 | 0 | 0 | 9.54 | 18.75 |
| History - American | 0 | 1 | 0 | 0 | 10 | 95 | 95.00 | 0 | 1 | 1.83 | 6.82 |
| Other Academic | 0 | 1 | 0 | 0 | 10 | 111 | 111.00 | 0 | 0 | 6.30 | 31.25 |
| Religion- Edited | 0 | 1 | 0 | 0 | 10 | 114 | 114.00 | 0 | 0 | 16.79 | 12.50 |
| Fine Arts - Other | 1 | 0 | 1 | 0 | 10 | 67 | 67.00 | 0 | 1 | 4.58 | 7.95 |
| Literature - British | 0 | 1 | 1 | 0 | 5 | 136 | 136.00 | 0 | 1 | 0.07 | 4.55 |
| Fine Arts - Visual | 0 | 1 | 1 | 1 | 5 | 138 | 138.00 | 0 | 0 | 0.07 | 1.14 |
| Popular Culture | 0 | 0 | 1 | 0 | -5 | 0.00 | 0 | 0 | 0.00 | 0.00 | |
| Mythology- Edited | 0 | 0 | 1 | 0 | -5 | 0.00 | 0 | 0 | 0.00 | 0.00 | |
| Literature - World | 0 | 0 | 1 | 0 | -5 | 0.00 | 0 | 0 | 0.00 | 0.00 | |
| History - Other | 0 | 1 | 4 | 0 | -10 | 73 | 73.00 | 0 | 1 | 4.34 | 7.50 |